Top 20 Words Starting with KN - Statistics

General Stats
  • This quiz has been taken 4,296 times
  • The average score is 9 of 20
Answer Stats
freq word % Correct
3116 know
96%
66 knee
77%
261 knew
70%
32 knight
70%
62 knife
67%
21 knot
65%
292 knowledge
60%
33 knit
59%
74 knock
58%
4 knack
51%
258 known
50%
13 kneel
45%
3 knead
36%
7 knob
35%
6 knuckle
31%
2 knell
22%
5 knelt
18%
3 knowledgeable
8%
3 knighthood
6%
3 knockout
5%
No matching quizzes found
Score Distribution
Percent of People with Each Score
Percentile by Number Answered
Your Score History
You have not taken this quiz